LEADER 01169nam 2200253la 450 001 9910482368703321 005 20221102161329.0 035 $a(UK-CbPIL)2090368443 035 $a(CKB)5500000000091485 035 $a(EXLCZ)995500000000091485 100 $a20221102d1616 uy | 101 0 $afre 135 $aurcn||||a|bb| 200 10$aVray et asseure? preservatif de petite verole et rougeole, divise? en trois livres. Enrichy de quatrevingts problemes ... pour l'entier esclaircissement des causes de ces maladies ... de leur preservation et curation / [Christophe Cachet] 210 $aToul $cS. Philippe$d1616 215 $aOnline resource ([10] leaves, 749 p., [5] leaves , (8vo)) 300 $aReproduction of original in The Wellcome Library, London. 700 $aCachet$b Christophe$f1572-1624.$0860677 801 0$bUk-CbPIL 801 1$bUk-CbPIL 906 $aBOOK 912 $a9910482368703321 996 $aVray et asseuré preservatif de petite verole et rougeole, divisé en trois livres. Enrichy de quatrevingts problemes ... pour l'entier esclaircissement des causes de ces maladies ... de leur preservation et curation$91920715 997 $aUNINA